| 000 | 00761nam a2200193Ia 4500 | ||
|---|---|---|---|
| 008 | 151121s9999||||xx |||||||||||||| ||und|| | ||
| 082 | _a678 / केळक | ||
| 082 | _bHNW-76341 | ||
| 100 | _aकेळकर गो।रा। | ||
| 245 | _aरबर नैसर्गिक व संश्लेषित | ||
| 260 | _bम महाराष्ट्र राज्य सा। सा। सं। मं। मुंबई। | ||
| 260 | _c-- | ||
| 300 | _a128 | ||
| 600 | _aकेळकर गो।रा। | ||
| 630 | _aरबर नैसर्गिक व संश्लेषित | ||
| 700 | _aकेळकर गो।रा। | ||
| 730 | _aरबर नैसर्गिक व संश्लेषित | ||
| 942 | _cBOOK | ||
| 999 |
_c1257765 _d1257762 |
||